Inconvenient truths about Bangladeshi politics / (Record no. 3715)
[ view plain ]
| 000 -LEADER | |
|---|---|
| fixed length control field | 00959nam a2200301 4500 |
| 001 - CONTROL NUMBER | |
| JCCL Control Number | 3715 |
| 003 - CONTROL NUMBER IDENTIFIER | |
| JCCL marc code | BD-JhCC |
| 005 - DATE AND TIME OF LATEST TRANSACTION | |
| control field | 20211113134021.0 |
| 008 - FIXED-LENGTH DATA ELEMENTS--GENERAL INFORMATION | |
| fixed length control field | 130123s2012 bg a b 001 0 eng d |
| 020 ## - INTERNATIONAL STANDARD BOOK NUMBER | |
| International Standard Book Number | 9789849003946 |
| 020 ## - INTERNATIONAL STANDARD BOOK NUMBER | |
| International Standard Book Number | 9849003944 |
| 035 ## - SYSTEM CONTROL NUMBER | |
| system control number | (BD-JhCC)3715 |
| 040 ## - CATALOGING SOURCE | |
| Original cataloging agency | DLC |
| Description conventions | rda |
| Transcribing agency | DLC |
| Modifying agency | MNU |
| -- | OCLCF |
| -- | OCL |
| -- | UkOxU |
| -- | BD-JhCC |
| 041 ## - LANGUAGE CODE | |
| Language code of Book | eng |
| 050 00 - LIBRARY OF CONGRESS CALL NUMBER | |
| Classification number | DS395.5 |
| Item number | .R5835 2012 |
| 082 ## - DEWEY DECIMAL CLASSIFICATION NUMBER | |
| Classification number | 320.95492 |
| Author mark and Year | RIA 2012 |
| 100 1# - MAIN ENTRY--PERSONAL NAME | |
| Personal name | Riaz, Ali |
| 245 10 - TITLE STATEMENT | |
| Title | Inconvenient truths about Bangladeshi politics / |
| Statement of responsibility, etc | Ali Riaz. |
| 246 30 - VARYING FORM OF TITLE | |
| Title proper/short title | Truths about Bangladeshi politics |
| 246 3# - VARYING FORM OF TITLE | |
| Title proper/short title | Inconvenient truths about Bangladesh politics |
| 260 ## - PUBLICATION, DISTRIBUTION, ETC. (IMPRINT) | |
| Place of publication, distribution, etc | Dhaka : |
| Name of publisher, distributor, etc | Prothoma Prokashan, |
| Date of publication, distribution, etc | 2012. |
| 300 ## - PHYSICAL DESCRIPTION | |
| Pagination | xix, 255 pages. : |
| Other physical details | illustrations ; |
| Dimensions | 22 cm. |
| 504 ## - BIBLIOGRAPHY, ETC. NOTE | |
| Bibliography, etc | Includes bibliographical references and index. |
| 650 ## - SUBJECT ADDED ENTRY--TOPICAL TERM | |
| Topical term or geographic name as entry element | Politics and government. |
| 651 #0 - SUBJECT ADDED ENTRY--GEOGRAPHIC NAME | |
| Geographic name | Bangladesh |
| General subdivision | Politics and government |
| Chronological subdivision | 1971- |
| 942 ## - ADDED ENTRY ELEMENTS (KOHA) | |
| Source of classification or shelving scheme | Dewey Decimal Classification |
| Koha item type | Books |
| Koha issues (borrowed), all copies | 1 |
| Source of classification or shelving scheme | Damaged status | Not for loan | Home library | Current library | Shelving location | Date of accession | Cost, normal purchase price | Total Checkouts | Full call number | Barcode | Date last seen | Date checked out | Copy number | Koha item type |
|---|---|---|---|---|---|---|---|---|---|---|---|---|---|---|
| Dewey Decimal Classification | JCC Rouf Library | JCC Rouf Library | General Stacks | 11/16/2017 | 450.00 | 1 | 320.95492 RIA 2012 | 4074 | 12/19/2021 | 11/13/2021 | C-1 | Books |